| 000 | 01325nam a2200265Ia 4500 | ||
|---|---|---|---|
| 003 | OSt | ||
| 005 | 20210419165144.0 | ||
| 008 | 210310s2006 ck gr 000 0 spa d | ||
| 020 | _a9589285643 | ||
| 040 |
_aCO-JMCR _cCO-JMCR |
||
| 041 | 0 | _aspa | |
| 082 | 0 | 4 |
_a336.205 / _bA824r _223 |
| 100 | 1 |
_aAyala, Horacio, _914956 _dautor |
|
| 245 | 1 | 0 |
_aReforma tributaria estructural / _cHoracio Ayala |
| 260 |
_aBogotá : _bKonrad Adenauer Stiftung, _c2006 |
||
| 300 |
_a101 páginas ; _c21 cm. |
||
| 490 | 0 |
_aDebate político ; _vNo. 19 |
|
| 500 | _aIncluye notas a pie de página. | ||
| 504 | _aBibliografía: páginas 94-97 | ||
| 505 | 0 | _aPresentación de Juan Camilo Restrepo -- La voluntad política -- La constitución y los impuestos -- Las renuncias fiscales -- Las rentas de trabajo -- La tributación y la contabilidad -- Los impuestos y la inflación -- Precios de transferencia y paraísos fiscales -- Las presunciones -- Tributación de la inversión extranjera -- El impuesto sobre las ventas -- Impuesto de timbre nacional -- Gravamen a los movimientos financieros -- Impuestos territoriales -- Contribuciones parafiscales | |
| 650 | 1 | 4 |
_aReforma tributaria _914958 _zColombia |
| 650 | 2 | 4 |
_aImpuestos sobre la renta _zColombia _936945 |
| 650 | 2 | 4 |
_aImpuestos sobre las ventas _zColombia _936987 |
| 942 |
_2ddc _cBK |
||
| 999 |
_c7618 _d7618 |
||